Giáo trình thực tập chọn giống cây trồng

Salvato in:
Dettagli Bibliografici
Autore principale: Võ, Công Thành
Natura: Libro
Lingua:Undetermined
Pubblicazione: Cần Thơ Trường Đại học Cần Thơ 2005
Soggetti:
Tags: Aggiungi Tag
Nessun Tag, puoi essere il primo ad aggiungerne! !
Thư viện lưu trữ: Trung tâm Học liệu Trường Đại học Cần Thơ
LEADER 00715nam a2200205Ia 4500
001 CTU_93136
008 210402s9999 xx 000 0 und d
082 |a 631.53 
082 |b Th107 
100 |a Võ, Công Thành 
245 0 |a Giáo trình thực tập chọn giống cây trồng 
245 0 |c Võ Công Thành, Phạm Văn Phượng 
260 |a Cần Thơ 
260 |b Trường Đại học Cần Thơ 
260 |c 2005 
526 |a TT. Di truyền và chọn giống,Chọn giống cây trồng 
526 |b SP420,NN373 
650 |a Plant breeding,Plants, cutivated 
904 |i Vương,Hải 
980 |a Trung tâm Học liệu Trường Đại học Cần Thơ